| 000 | 00933nam a2200265 a 4500 | ||
|---|---|---|---|
| 001 | 12209 | ||
| 003 | BD-RjUL | ||
| 005 | 20211208235244.0 | ||
| 008 | 140128t1968 i a b 001 0 eng | ||
| 035 | _a(BD-RjUL) 12258 | ||
| 040 |
_aDLC/ICU _cICU _dDLC _dBD-RjUL _beng |
||
| 041 | _aeng | ||
| 082 | 0 | 0 |
_a595.7 _216 _bFOI 1968 |
| 100 | 1 |
_aFox, Richard M. _q(Richard Middleton), _d1911-1968. _937842 |
|
| 245 | 1 | 0 |
_aIntroduction to comparative entomology / _c[by] Richard M. Fox [and] Jean Walker Fox. |
| 260 |
_aNew York ; _aDelhi : _bReinhold Pub. Corp ; _bAffiliated east- west press, _c1968 |
||
| 300 |
_axiv, 450 p. : _bill. ; _c24 cm. |
||
| 504 | _aincludes Bibliographical reference and index. | ||
| 650 | 0 |
_aEntomology. _95496 |
|
| 700 | 1 |
_aFox, Jean Walker, _ejoint author. _937844 |
|
| 740 | 0 | _aComparative entomology. | |
| 942 |
_2ddc _cBK |
||
| 999 |
_c12209 _d12209 |
||